Quizzes
Events
Quiz Creation
Community
Videos
Private Events
Remove Ads
Sign In
Join for FREE
Feedback
Dark Mode
Quiz Categories
Sports
Geography
Music
Movies
Television
Just For Fun
Miscellaneous
History
Literature
Language
Science
Gaming
Entertainment
Religion
Holiday
For Kids
Quiz Lab
Recent
Popular Today
Quiz Kudos Today
Editor Picks
Curator Picks
Quizzes by...
Day
Popularity
Type
Ratings
Length
Year
Community
Subscriptions
Recent Discussions
Orange Saloon
Badges
Playlists
Quests
Create
Leaderboards
Showdown
Live 5
Trivia Bingo
Activity
Puzzle Library
Sporcle Events
Private Events
Virtual Trivia
Globe League
Become a Host
Pub Owners
SporcleCon
Opinionation
Our Games
Videos
Blog
Mobile Apps
Partnerships
Remove Ads and Go Orange
Feedback
Television
TV Characters
TV Show
Sitcom
Network
Friends
Reality Shows
Cast
South Park
Star Trek
The Simpsons
Doctor Who
Television
TV Characters
TV Show
Sitcom
Network
Friends
Reality Shows
Cast
South Park
Star Trek
The Simpsons
Doctor Who
Random Quiz
Search Sporcle
×
Quiz Lab
Quiz Lab
Television
Color
Type in answers that appear in a list
Type in answers that appear in a list
Classic
Best Score? Go Orange.
Colours of Who Stats
Can you name the Colours of these Doctor Who enemies, objects and friends
By
PixelPuffin
5m
22 Questions
104 Plays
104 Plays
104 Plays
Comments
Comments
Give Quiz Kudos
Give Quiz Kudos
-
- Ratings
hide this ad
More Info
Forced Order
Answers have to be entered in order
Answers have to be entered in order
Replay
Link that replays current quiz
Next Quiz
Link to next quiz in quiz playlist
You Got
0%
They Got
Avg Score
46%
Avg Friend Score
Upgrade to see
Score Distribution
Jump to the score distribution portion of the page
Score
0/22
Timer
05:00
0
Plays Today
Look here
Answer here
% Correct
The 11th Doctor's first bow tie
Red
97.1%
The quantum-
locked lightning-
fast assassins which for whom you must never, ever blink
Grey
81.7%
The Moxx of Balhoon (prior to brutal incineration)
Blue
76%
The Hath's breathing apparatus
Green
69.2%
The light of the Master's 'screwdriver'
Yellow
61.5%
The plastic bin which ate Mickey
Black
60.6%
Doctor number Nine's signature jacket
Black
58.7%
The sleep-
inducing androids with terrifying methods of delivery
White
48.1%
The glowing crystal which the vespiform priest followed to his doom
Purple
45.2%
Sontaran battle-
armour
Blue
45.2%
The victims of Mr. Sweet
Crimson
44.2%
Look here
Answer here
% Correct
The vehicle used to escape from the Stingrays through their wormhole
Red
40.4%
...and the supposed colour of the walls of the floor on which the other Max lived
Gold
39.4%
The Scientist Dalek of the new Dalek Paradigm
Orange
39.4%
The Human-
Time Lord Meta-
Crisis' hair
Ginger
39.4%
The latest car of a certain investigative journalist
Green
37.5%
The fork-
lift sized vehicle which supported one Max
Red
35.6%
Professor Yana's killer
Blue
33.7%
The robes of the headless monks
Cordovan
28.8%
The baubles whenceforth the wooden king and queen grew
Silver
21.2%
The last of a group of benevolent cetaceans from outer space
Pink
13.5%
The fog-
swimming shark (according to the Doctor)
Big
7.7%
Quiz Playlist
Details
Report
Send in Message
Add To Playlist
More Info:
You think you know Doctor Who? Now tell me what colour.
Classic:
Type in answers that appear in a list
Forced Order:
Answers have to be entered in order
Last Updated: Feb 16, 2017
Quiz Scoreboard
CHALLENGE
Sign Up to Join the Scoreboard
Show All
Scores
Hide
Comments
May contain spoilers
Recently Published
Presidents Visiting Landmarks
by Hejman
History
7m
An Introduction to Baseball
by treessimontrees
Sports
5m
Movies - When Are They Set?
by FPL_Elf
Movies
5m
More to Explore
Quiz From the Vault
Featured Blog Post
Where Did the Easter Bunny Come From?
hide this ad
You Might Also Like...
Tags
Color Quiz
Doctor Who Quiz
Enemy
object
Today's Top Quizzes in Television
Browse Television
hide this ad
Today's Top Quizzes in Color
Browse Color
Top Contributed Quizzes in Television
1
5-to-1: The Simpsons Families
2
One Piece Logic Puzzle
3
5-to-1: Television Doctors
4
7-to-1: TV Show Settings
5
5-to-1: Streaming Originals
6
Survivor Logic Puzzle: Heroes vs. Villains
7
Survivor Seasons
8
Survivor Season by Logo
9
One Thing in Common: Television
10
Survivor Trivia
Explore More
Trending Topics
Kpop
Anime
Harry Potter
NBA
Disney
Marvel
Crossword
Puzzle
Soccer
Country
The Office
WWE
Song
NFL
Pokémon
hide this ad
More By:
PixelPuffin
Quiz
Plays
Rating
Category
Featured
Created
Colours of Who
104
3.75
Television
Jun 11, 2014
SUVATs: equations and uses
8
Science
May 27, 2014
Go to Creator's Profile
Score Distribution
Quiz Creator Spotlight
PixelPuffin
Follow
Send a Message
Quizzes Created
-
Created Quiz Play Count
-
More By This Creator
Popular Quizzes Today
1
Find the US States - No Outlines Minefield
2
Find the Countries of Europe - No Outlines Minefield
3
The Countries of the World
4
Find the US States
5
Popular People in 1961
6
US States
7
Risky Map Clicking: Biggest States A-Z
8
1-10 Letter E Words III
More Television Quizzes
Futurama Episodes
Quiz Lab
Trending Quizzes
Risky Map Clicking: Least Populous States A-Z
1-10 Letter G Words
1-10 Letter F Words
Risky Map Clicking: Next State Alphabetically
Risky Map Clicking: Biggest States A-Z
Recently Updated
Leaping Animals
pecheneg
Reality TV Shows (A-Z)
bhenderson79
Rickey Henderson's Hall of Fame Teammates
pecheneg
Champions League XIs: Arsenal
pecheneg
Quick Pick: Celebrities in WWE's Hall of Fame
aduchscher
A-Z Keypad Blitz II
pecheneg
Multiple Oscar Actors
pecheneg
Mystery Phrase Blitz: Oscar 'Best Actors'
pecheneg
F. Scott Fitzgerald Novels
LTH
Pick 3 Villains
ddd62291
Trending Topics
Disney
Marvel
NBA
Crossword
Kpop
Harry Potter
Anime
Puzzle
Soccer
Pokémon
Country
The Office
WWE
NFL
Song
Your Account Isn't Verified!
In order to create a playlist on Sporcle, you need to verify the email address you used during registration. Go to your
Sporcle Settings
to finish the process.
Report this User
Report this user for behavior that violates our
Community Guidelines
.
Details:
Send Report
Go to the Sporcle.com Mobile Site →
Comments